| 000 | 00623nam a2200241 a 4500 | ||
|---|---|---|---|
| 001 | nice12345678 | ||
| 003 | IN_TiNIC | ||
| 005 | 20260116011532.0 | ||
| 008 | 050524s0000 lona grp 000 0 eng | ||
| 020 |
_a _c100 |
||
| 082 | 0 | 0 |
_a232.1 _bFIN |
| 100 | _aFindlay, F A | ||
| 245 |
_aRealism of Jesus _b Paraphrase and Exposition of the Sermon on the Mount |
||
| 260 |
_aLondon _bHodder & Stoughton _c0000 |
||
| 300 | _a240p | ||
| 500 | _aincludes index and biblioraphy | ||
| 505 | 2 | _aAppendix | |
| 650 | _aJesus Christ-Messiahship | ||
| 700 | 1 | _aFindlay, F A | |
| 902 | _bSRS | ||
| 942 | _cBK | ||
| 999 |
_c2407 _d2407 |
||